000 00963nam a2200277Ia 4500
003 OSt
005 20221005105839.0
006 a|||||r|||| 00| 0
007 ta
008 221004b |||||||| |||| 00| 0 hin d
020 _c60
024 _a93104
037 _b532, 19/03/2009, Vani Prakashan
_cTextual
040 _aCRL
_cCRL
_bhin
041 _2hin
_ahin
082 _aO152,6M65w, N0
100 _aमदन गोपाल
245 0 _aबाल मुकुन्द गुप्त
246 _aBāl mukunda gupta
260 _aनई दिल्ली
_bसाहित्य अकादमी भारत
_c1990
300 _a68पृ0
_ccm.
490 _aभारतीय साहित्य के निर्माता
650 _aहिन्दी साहित्य
942 _hO152,6M65w, N0
_cTEXL
_2cc
999 _c1017079
_d1017079